[Event "GER-ch48 V5 email"]
[Site "GER email"]
[Date "2008.08.29"]
[Round "?"]
[White "Hildebrand, Gerald"]
[Black "Schoenwetter, Karl Ernst"]
[Result "1-0"]
[WhiteElo "2144"]
[BlackElo "1561"]
[PlyCount "27"]
[EventDate "2008.??.??"]
[EventType "tourn (corr)"]
[EventRounds "10"]
[EventCountry "GER"]
[SourceTitle "Corr 2011"]
[Source "ChessBase"]
[SourceDate "2010.08.31"]
[SourceVersion "1"]
[SourceVersionDate "2010.08.31"]
[SourceQuality "1"]

1. d4 Nf6 2. c4 e6 3. Nc3 b6 4. e4 Bb7 5. Bd3 Be7 6. f4 d5 7. cxd5 exd5 8. e5 Ne4 9. Qg4 g6 10. Nge2 Bc8 11. Qf3 f5 12. exf6 Nxf6 13. f5 gxf5 14. 0-0 1-0